| 000 | 00388pab a2200157 454500 | ||
|---|---|---|---|
| 008 | 180718b2017 xxu||||| |||| 00| 0 eng d | ||
| 100 | _aSasidharan, Anu | ||
| 245 | _aAn unfortunate infant: a case report | ||
| 260 | _c2017 | ||
| 300 | _ap.126-129. | ||
| 362 | _aJan-Mar | ||
| 650 | _aEarly childhood | ||
| 700 | _aDileep Kumar | ||
| 773 | _aIndian Police Journal | ||
| 909 | _a116341 | ||
| 999 |
_c116335 _d116335 |
||